| 000 | 00631nam a2200229Ia 4500 | ||
|---|---|---|---|
| 001 | 15113 | ||
| 003 | GE_BSU | ||
| 008 | 181216s||||||||xx |||||||||||||| ||und|| | ||
| 040 | _cGE_BSU | ||
| 080 | _a531.(075.8) | ||
| 100 | _aВоронков,И,М | ||
| 245 | _aКурс теоретической механики | ||
| 245 | _bУчеб. для вузов | ||
| 245 | _cРед:Д,В, Жарков | ||
| 250 | _aизд. 4-е | ||
| 260 | _aМосква | ||
| 260 | _bГостехиздат | ||
| 260 | _c1953 | ||
| 300 | _a552стр, 22см | ||
| 653 | _aКурс теоретической механики | ||
| 942 | _cBK | ||
| 999 |
_c48229 _d48229 |
||